| 000 | 00685pam a2200229 a 4500 | ||
|---|---|---|---|
| 001 | 1597889 | ||
| 005 | 20180314080512.0 | ||
| 008 | 940816s1995 moua b 001 0 eng | ||
| 010 | _a 94031334 | ||
| 020 | _a0801678048 | ||
| 040 |
_aDLC _cDLC _dDLC |
||
| 041 | _aeng | ||
| 080 | _a576 ATL | ||
| 082 | 0 | 0 |
_a576 ATL _220 |
| 100 | 1 | _a11 | |
| 101 | _aBIO | ||
| 245 | 1 | 0 |
_aMicroorganisms in our world / _cRonald M. Atlas. |
| 504 | _aIncludes bibliographical references and index. | ||
| 906 |
_a7 _bcbc _corignew _d1 _eocip _f19 _gy-gencatlg |
||
| 942 |
_2ddc _cBK |
||
| 999 |
_c45001 _d45001 |
||